[Event "ARG-ch Seniors 50"]
[Site "Coronel Pringles"]
[Date "2019.12.14"]
[Round "3.11"]
[White "Etchepareborda, Juan"]
[Black "Vecchio, Raul Antonio"]
[Result "1-0"]
[WhiteElo "1602"]
[BlackElo "1750"]
[PlyCount "93"]
[EventDate "2019.12.13"]
[EventType "swiss"]
[EventRounds "7"]
[EventCountry "ARG"]
[SourceTitle "EXT 2024"]
[Source "ChessBase"]
[SourceDate "2023.10.10"]
[SourceVersion "1"]
[SourceVersionDate "2023.10.10"]
[SourceQuality "1"]

1. c4 e5 2. Nc3 Nc6 3. g3 g6 4. Bg2 Bg7 5. e4 d6 6. Nge2 Nge7 7. 0-0 Be6 8. d3 Qd7 9. Nd5 0-0 10. f4 f5 11. fxe5 dxe5 12. exf5 Nxf5 13. Bg5 h6 14. Bd2 Nfd4 15. Nxd4 Nxd4 16. Be3 Rxf1+ 17. Bxf1 Bg4 18. Qc1 Nf3+ 19. Kh1 c6 20. Nc3 Bh3 21. Ne4 Bxf1 22. Qxf1 Rf8 23. Qe2 g5 24. Rf1 g4 25. b3 b6 26. h3 h5 27. h4 Rd8 28. Rd1 Qf5 29. Kg2 Bf6 30. Rf1 Be7 31. Bg5 Bxg5 32. Nxg5 Qxd3 33. Qxd3 Rxd3 34. Nxf3 gxf3+ 35. Rxf3 Rd2+ 36. Rf2 Rxf2+ 37. Kxf2 Kf7 38. Kf3 Kf6 39. g4 hxg4+ 40. Kxg4 a5 41. h5 b5 42. cxb5 cxb5 43. h6 a4 44. b4 e4 45. Kf4 Kg6 46. Kxe4 Kxh6 47. Kd5 1-0

[Event "ARG-ch sf U300 Apertura Termas"]
[Site "Termas de Rio Hondo"]
[Date "2019.03.16"]
[Round "1.5"]
[White "Herrera, Pablo Francisco"]
[Black "Vecchio, Raul Antonio"]
[Result "1-0"]
[WhiteElo "2008"]
[BlackElo "1811"]
[PlyCount "57"]
[EventDate "2019.03.16"]
[EventType "swiss"]
[EventRounds "6"]
[EventCountry "ARG"]
[SourceTitle "EXT 2024"]
[Source "ChessBase"]
[SourceDate "2023.10.10"]
[SourceVersion "1"]
[SourceVersionDate "2023.10.10"]
[SourceQuality "1"]

1. d4 Nf6 2. Bf4 g6 3. e3 Bg7 4. Be2 d6 5. h3 0-0 6. Nf3 Nc6 7. 0-0 Nd7 8. Nc3 e5 9. Bg5 f6 10. Bh4 Nb6 11. d5 Ne7 12. e4 a6 13. a4 Qe8 14. a5 Nd7 15. Na4 g5 16. Bg3 Ng6 17. Nd2 b5 18. axb6 Nxb6 19. Nxb6 cxb6 20. Nc4 Qd8 21. Bg4 Qc7 22. Ne3 Nf4 23. Ra3 Rd8 24. Bxc8 Rdxc8 25. Bxf4 gxf4 26. Nf5 Qxc2 27. Qg4 Ra7 28. Rxa6 Rca8 29. Rfa1 1-0

[Event "San Luis Betania op 3rd"]
[Site "San Luis"]
[Date "2019.02.02"]
[Round "4"]
[White "Caruso, Tomas"]
[Black "Vecchio, Raul Antonio"]
[Result "1-0"]
[WhiteElo "2000"]
[BlackElo "1816"]
[PlyCount "81"]
[EventDate "2019.02.01"]
[EventType "swiss"]
[EventRounds "6"]
[EventCountry "ARG"]
[SourceTitle "EXT 2020"]
[Source "ChessBase"]
[SourceDate "2019.10.17"]
[SourceVersion "1"]
[SourceVersionDate "2019.10.17"]
[SourceQuality "1"]

1. e4 d5 2. exd5 Qxd5 3. Nc3 Qa5 4. d4 Nf6 5. Bd2 c6 6. Nf3 Bf5 7. Bc4 e6 8. d5 Qc5 9. dxc6 Nxc6 10. Bb3 Rd8 11. Qe2 Be7 12. 0-0 0-0 13. h3 Na5 14. Be3 Qc8 15. Bxa7 Nxb3 16. axb3 Nd5 17. Nxd5 Rxd5 18. Nd4 Bg6 19. c4 Rd7 20. Rfd1 Rfd8 21. Bb6 Re8 22. Nf3 Bf6 23. Ne5 Bxe5 24. Qxe5 f6 25. Qe3 Bc2 26. Rxd7 Qxd7 27. b4 Qc6 28. c5 Be4 29. f3 Bd5 30. Rd1 Kf7 31. Qd3 Qa4 32. Ba5 Re7 33. Rc1 h6 34. h4 Rd7 35. h5 f5 36. Qe3 Ba2 37. Kh2 Qb5 38. Re1 Rd3 39. Qe5 Bc4 40. Qg3 Rd2 41. Ra1 1-0

[Event "Cordoba Region-ch sf AAPC 2nd"]
[Site "Villa Maria"]
[Date "2018.10.28"]
[Round "5.3"]
[White "Vecchio, Raul Antonio"]
[Black "Bernardi, Cristian"]
[Result "1-0"]
[WhiteElo "1842"]
[BlackElo "1615"]
[PlyCount "169"]
[EventDate "2018.10.27"]
[EventType "swiss"]
[EventRounds "6"]
[EventCountry "ARG"]
[SourceTitle "EXT 2024"]
[Source "ChessBase"]
[SourceDate "2023.10.10"]
[SourceVersion "1"]
[SourceVersionDate "2023.10.10"]
[SourceQuality "1"]

1. e4 c5 2. Nc3 d6 3. Bb5+ Bd7 4. Bxd7+ Qxd7 5. f4 g6 6. Nf3 Nf6 7. d3 Bg7 8. 0-0 e6 9. Bd2 0-0 10. Qe1 Nc6 11. Rc1 b5 12. e5 Ne8 13. Qg3 a6 14. Ne4 Qe7 15. c3 d5 16. Neg5 h6 17. Nh3 a5 18. d4 c4 19. Nf2 b4 20. Qh3 f5 21. g4 Qf7 22. Kh1 bxc3 23. bxc3 Rb8 24. Rb1 Nc7 25. Nh4 Rxb1 26. Rxb1 Rb8 27. Rxb8+ Nxb8 28. gxf5 gxf5 29. Qg3 Qh5 30. Bc1 Qe2 31. Ba3 Qf1+ 32. Qg1 Qxg1+ 33. Kxg1 Nd7 34. Nd1 Nb6 35. Kf2 Nb5 36. Bb2 Na4 37. Ba1 Kf7 38. Kf3 Bf8 39. Ng2 Na3 40. Nge3 Be7 41. Bb2 Nb1 42. Ba1 Ba3 43. Ke2 Bc1 44. Ng2 Nd2 45. Nf2 Ne4 46. Nxe4 fxe4 47. Kd1 Ba3 48. Ne3 Kg6 49. f5+ exf5 50. Nxd5 Kf7 51. Ne3 f4 52. Nxc4 Be7 53. Nd2 e3 54. Ne4 Ke6 55. Ke2 Nb6 56. Kd3 Kd5 57. c4+ Nxc4 58. Nc3+ Ke6 59. Kxc4 f3 60. Kd3 e2 61. Nxe2 fxe2 62. Kxe2 Kd5 63. Kd3 a4 64. Bc3 h5 65. Ba5 Bg5 66. Bb6 Be7 67. Bc5 Bg5 68. Kc3 Bf4 69. h3 Bxe5 70. dxe5 Kxc5 71. e6 Kd6 72. e7 Kxe7 73. Kb4 Kf6 74. Kxa4 Kf5 75. Kb3 Kf4 76. a4 Kg3 77. a5 Kxh3 78. a6 Kg3 79. a7 h4 80. a8Q h3 81. Qg8+ Kf2 82. Qh7 Kg2 83. Qg6+ Kh1 84. Qe4+ Kh2 85. Qf3 1-0

[Event "Cordoba Region-ch 74th AAPC"]
[Site "Santa Cruz del Lago"]
[Date "2018.08.04"]
[Round "2.5"]
[White "Alcantara, Juan"]
[Black "Vecchio, Raul Antonio"]
[Result "0-1"]
[WhiteElo "1762"]
[BlackElo "1866"]
[PlyCount "92"]
[EventDate "2018.08.04"]
[EventType "swiss"]
[EventRounds "6"]
[EventCountry "ARG"]
[SourceTitle "EXT 2024"]
[Source "ChessBase"]
[SourceDate "2023.10.10"]
[SourceVersion "1"]
[SourceVersionDate "2023.10.10"]
[SourceQuality "1"]

1. c4 e5 2. Nc3 Bb4 3. d3 Bxc3+ 4. bxc3 d6 5. g3 Nc6 6. Bg2 Bd7 7. Nf3 Nf6 8. Bg5 h6 9. Bd2 0-0 10. 0-0 Re8 11. Ne1 e4 12. Nc2 exd3 13. exd3 Bf5 14. Be3 Ng4 15. Bd4 Nge5 16. Bxe5 dxe5 17. Bxc6 bxc6 18. d4 Qf6 19. Ne3 Bh3 20. Re1 Rad8 21. Ng4 Qf5 22. Ne3 Qg6 23. d5 f5 24. Qf3 f4 25. Ng2 fxg3 26. fxg3 e4 27. Qe3 Bxg2 28. Kxg2 cxd5 29. cxd5 Rxd5 30. Rad1 Qe6 31. Rxd5 Qxd5 32. Re2 c5 33. Rd2 Qc4 34. g4 a5 35. a4 Qxa4 36. g5 hxg5 37. Qxg5 Qc6 38. Qd5+ Re6 39. Qxc6 Rxc6 40. Ra2 Kf7 41. Kf2 Ke6 42. Ke3 Kd5 43. Rxa5 Rf6 44. Ra7 Rf3+ 45. Ke2 Rxc3 46. Rxg7 Rc2+ 0-1

[Event "Rio Tercero CF 60 years"]
[Site "Rio Tercero"]
[Date "2012.05.01"]
[Round "7"]
[White "Oga, Sebastian"]
[Black "Vecchio, Raul Antonio"]
[Result "1-0"]
[WhiteElo "1683"]
[BlackElo "1882"]
[PlyCount "57"]
[EventDate "2012.04.28"]
[EventType "swiss"]
[EventRounds "9"]
[EventCountry "ARG"]
[SourceTitle "EXT 2013"]
[Source "ChessBase"]
[SourceDate "2012.11.22"]
[SourceVersion "1"]
[SourceVersionDate "2012.11.22"]
[SourceQuality "1"]

1. e4 g6 2. d4 Bg7 3. Nc3 d6 4. Be3 Nf6 5. Be2 c6 6. Nf3 Nbd7 7. h3 0-0 8. Qd2 b5 9. a3 Nb6 10. Bh6 a5 11. Bd3 Be6 12. h4 b4 13. Ne2 bxa3 14. bxa3 Nc4 15. Qc1 d5 16. e5 Ne4 17. Bxg7 Kxg7 18. h5 Rh8 19. Nf4 Qc8 20. Bxc4 dxc4 21. Qe3 Bd5 22. e6 Rb8 23. Ne5 Qb7 24. Nxf7 Qb2 25. 0-0 Rhf8 26. Rab1 Qxc2 27. Rxb8 Rxb8 28. hxg6 hxg6 29. Nh5+ 1-0

[Event "Rio Tercero CF 60 years"]
[Site "Rio Tercero"]
[Date "2012.04.30"]
[Round "5"]
[White "Beron, Ricardo"]
[Black "Vecchio, Raul Antonio"]
[Result "0-1"]
[WhiteElo "1712"]
[BlackElo "1882"]
[PlyCount "91"]
[EventDate "2012.04.28"]
[EventType "swiss"]
[EventRounds "9"]
[EventCountry "ARG"]
[SourceTitle "EXT 2013"]
[Source "ChessBase"]
[SourceDate "2012.11.22"]
[SourceVersion "1"]
[SourceVersionDate "2012.11.22"]
[SourceQuality "1"]

1. Nf3 g6 2. d4 Bg7 3. b3 c5 4. e3 cxd4 5. exd4 d5 6. Bb2 Nf6 7. Nbd2 0-0 8. Bd3 Nc6 9. a3 Nh5 10. 0-0 a6 11. c4 dxc4 12. Bxc4 Nxd4 13. Bxd4 Bxd4 14. Nxd4 Qxd4 15. Qe2 Bg4 16. Nf3 Qf6 17. Bd5 Nf4 18. Qe4 Bxf3 19. Qxf3 Nxd5 20. Qxd5 b5 21. b4 Rad8 22. Qb3 Rd2 23. Ra2 Rfd8 24. Rxd2 Rxd2 25. Qe3 Rb2 26. g3 Kg7 27. Re1 Ra2 28. Re2 Ra1+ 29. Re1 Rxe1+ 30. Qxe1 Qd6 31. Qc3+ Qf6 32. Qe3 h5 33. Kg2 e5 34. h4 Qd6 35. Kf3 f5 36. Ke2 Kf7 37. Qh6 Ke8 38. Qh8+ Kd7 39. Qg7+ Kc6 40. Qa7 Kd5 41. Qa8+ Kd4 42. Qa7+ Kc4 43. Qe3 Qd4 44. Qg5 Qg4+ 45. f3 Qxg5 46. hxg5 0-1

[Event "Rio Tercero CF 60 years"]
[Site "Rio Tercero"]
[Date "2012.04.28"]
[Round "2"]
[White "Vecchio, Raul Antonio"]
[Black "Tobares, Leandro"]
[Result "0-1"]
[WhiteElo "1882"]
[BlackElo "2203"]
[PlyCount "64"]
[EventDate "2012.04.28"]
[EventType "swiss"]
[EventRounds "9"]
[EventCountry "ARG"]
[SourceTitle "EXT 2013"]
[Source "ChessBase"]
[SourceDate "2012.11.22"]
[SourceVersion "1"]
[SourceVersionDate "2012.11.22"]
[SourceQuality "1"]

1. Nf3 Nf6 2. g3 d5 3. Bg2 Bg4 4. d3 Nc6 5. 0-0 e5 6. c4 dxc4 7. Qa4 Bd6 8. dxc4 0-0 9. Nc3 h6 10. Be3 Bd7 11. Qd1 Be6 12. Nd5 Bxd5 13. cxd5 Ne7 14. Ne1 e4 15. Qb3 Nexd5 16. Bd4 b6 17. Rd1 Qe7 18. Nc2 c5 19. Bxf6 Nxf6 20. Ne3 Rad8 21. Bh3 g6 22. Rd2 Be5 23. Rfd1 Rd4 24. Rxd4 cxd4 25. Nd5 Qc5 26. Nxf6+ Bxf6 27. Bg2 Re8 28. g4 Kg7 29. Qa4 b5 30. b4 Qc4 31. Qxa7 Qxe2 32. Rc1 e3 0-1

[Event "Mar del Plata op 41st"]
[Site "Mar del Plata"]
[Date "2010.03.27"]
[Round "1"]
[White "Claverie, Raul Ricardo"]
[Black "Vecchio, Raul Antonio"]
[Result "1-0"]
[WhiteElo "2395"]
[BlackElo "1943"]
[PlyCount "81"]
[EventDate "2010.03.27"]
[EventType "swiss"]
[EventRounds "9"]
[EventCountry "ARG"]
[SourceTitle "EXT 2011"]
[Source "ChessBase"]
[SourceDate "2010.11.26"]
[SourceVersion "1"]
[SourceVersionDate "2010.11.26"]
[SourceQuality "1"]

1. d3 d5 2. f4 Nf6 3. Nf3 c5 4. g3 Nc6 5. Bg2 Bg4 6. Ne5 Be6 7. Nxc6 bxc6 8. Nc3 g6 9. 0-0 Bg7 10. e4 Bg4 11. Qe1 0-0 12. e5 Ne8 13. Qf2 Rb8 14. h3 Bc8 15. Qxc5 Qb6 16. Be3 Nc7 17. Na4 Qb5 18. b3 Ne6 19. Qxb5 Rxb5 20. Bxa7 Rb7 21. Bf2 f6 22. exf6 exf6 23. Rae1 f5 24. Nc5 Nxc5 25. Bxc5 Rd8 26. d4 Bf8 27. Bxf8 Kxf8 28. Re5 Ra7 29. a4 Rb7 30. Rf3 Rb4 31. Rd3 Ba6 32. Rd2 Kf7 33. h4 Rd7 34. Kf2 h6 35. h5 Bb7 36. hxg6+ Kxg6 37. Rxf5 c5 38. dxc5 d4 39. c6 Re7 40. Rf8 Ba6 41. Ra8 1-0